| 000 | 01093nam a2200277 i 4500 | ||
|---|---|---|---|
| 003 | EG-ScBUE | ||
| 005 | 20231002101610.0 | ||
| 008 | 100725s1998 u f 001 0bara d | ||
| 017 | _a1998 / 8037 | ||
| 040 |
_aEG-ScBUE _bara _erda _cEG-ScBUE _dEG-ScBUE |
||
| 082 | 0 | 4 |
_222 _bن ق ش _a892.786092 |
| 100 | 1 |
_915308 _aالنقاش، رجاء، _eمؤلف. |
|
| 245 | 1 | 0 |
_aنجيب محفوظ : _bصفحات من مذكراته وأضواء جديدة على أدبه وحياته / _cرجاء النقاش. |
| 250 | _aالطبعة الأولى. | ||
| 264 | 1 |
_aالقاهرة : _bمركز الأهرام للترجمة والنشر، _c1998. |
|
| 300 |
_a375 صفحة : _bإيضاحيات ؛ _c24 سم |
||
| 336 |
_2rdacontent _aنص _btxt |
||
| 337 |
_2rdamedia _aبدون وسيط _bn |
||
| 338 |
_2rdacarrier _aمجلد _bnc |
||
| 500 | _aيشتمل على كشافات. | ||
| 541 |
_aألف باء ؛ _cشراء ؛ |
||
| 600 | 1 | 7 |
_2BUEsh _aمحفوظ، نجيب، _d1911-2006. |
| 650 | 7 |
_2BUEsh _aالأدباء العرب _vتراجم. |
|
| 655 | _vReading book | ||
| 942 |
_2ddc _cBB |
||
| 999 |
_c14534 _d14534 |
||